Statistics for Leicester City Scorers in Premier League 2019-20

Click here to take the quiz!

General Stats

  • This quiz has been taken 58 times
  • The average score is 9 of 14

Answer Stats

PlayerGoals% Correct
Jamie Vardy23
100%
James Maddison6
88%
Harvey Barnes6
81%
Youri Tielemans3
71%
Ayoze Pérez8
69%
Çağlar Söyüncü1
69%
Wilfred Ndidi2
69%
Kelechi Iheanacho5
67%
Ricardo Pereira3
67%
Jonny Evans1
65%
Ben Chilwell3
60%
Demarai Gray2
44%
Dennis Praet1
25%
Hamza Choudhury1
23%

Score Distribution

Percentile by Number Answered

Percent of People with Each Score

Your Score History

You have not taken this quiz